[Event "Hanoi GM1 03"]
[Site "Hanoi"]
[Date "2024.03.24"]
[Round "9"]
[White "Pham, Tran Gia Phuc"]
[Black "Concio, Michael Jr"]
[Result "0-1"]
[WhiteElo "2410"]
[BlackElo "2401"]
[PlyCount "72"]
[EventDate "2024.03.19"]
[EventType "tourn"]
[EventRounds "9"]
[EventCountry "VIE"]
[EventCategory "6"]
[SourceTitle "CB13_2024"]
[SourceDate "2024.03.27"]
[SourceVersion "1"]
[SourceVersionDate "2024.03.27"]
[SourceQuality "1"]

1. e4 e5 2. Nf3 Nc6 3. Bc4 Be7 4. 0-0 Nf6 5. d3 0-0 6. Nc3 d6 7. a4 Be6 8. Nd5 Qd7 9. c3 Nd8 10. Re1 c6 11. Ne3 Bxc4 12. Nxc4 Ne6 13. h3 Rfe8 14. b4 Bf8 15. Rb1 g6 16. b5 c5 17. Ng5 Bg7 18. Nxe6 Qxe6 19. Bg5 d5 20. Nd2 Rad8 21. Qb3 h6 22. Bxf6 Bxf6 23. b6 a6 24. Red1 Qc6 25. exd5 Rxd5 26. Ne4 Red8 27. c4 Rd4 28. Qa3 Be7 29. Nc3 Rxd3 30. Rxd3 Rxd3 31. Nd5 Qxd5 32. cxd5 Rxa3 33. d6 Bxd6 34. Rd1 Bf8 35. Rd7 Rxa4 36. Rxb7 Rb4 0-1

[Event "Budapest FS02 GM"]
[Site "Budapest"]
[Date "2024.02.13"]
[Round "9"]
[White "Kovalev, Andrei"]
[Black "Pham, Tran Gia Phuc"]
[Result "1-0"]
[WhiteElo "2432"]
[BlackElo "2416"]
[PlyCount "133"]
[EventDate "2024.02.03"]
[EventType "tourn"]
[EventRounds "9"]
[EventCountry "HUN"]
[EventCategory "7"]
[SourceTitle "CB08_2024"]
[SourceDate "2024.02.21"]
[SourceVersion "1"]
[SourceVersionDate "2024.02.21"]
[SourceQuality "1"]

1. e4 c5 2. Nf3 d6 3. Bb5+ Nd7 4. d4 cxd4 5. Qxd4 a6 6. Bxd7+ Bxd7 7. 0-0 Rc8 8. Nc3 e5 9. Qd3 h6 10. Rd1 Nf6 11. Nd2 b5 12. a3 Be6 13. Nf1 Rc4 14. Be3 Rc8 15. Bd2 Bc4 16. Qg3 Qd7 17. Ne3 Be6 18. Qf3 Be7 19. Rac1 0-0 20. Ncd5 Bxd5 21. exd5 g6 22. b3 Nh7 23. c4 Ng5 24. Qe2 f5 25. f3 h5 26. Kh1 Bf6 27. cxb5 axb5 28. Bb4 Nf7 29. g3 Bg5 30. Rxc8 Qxc8 31. Ng2 Qd7 32. f4 Be7 33. fxe5 dxe5 34. d6 Bf6 35. Ne3 Kg7 36. Nd5 Qc6 37. Qd2 Rc8 38. Kg1 Bg5 39. Qe2 Re8 40. Nc7 Rc8 41. Ne6+ Kh7 42. d7 Rg8 43. Nxg5+ Nxg5 44. h4 Qb6+ 45. Kh2 Ne4 46. Qe1 Nf2 47. Rd6 Ng4+ 48. Kh3 Qb7 49. d8Q Rxd8 50. Rxd8 Qf3 51. Rd7+ Kg8 52. Bc5 f4 53. Rd2 fxg3 54. Qe2 Qf5 55. Kg2 e4 56. Be3 Qf6 57. Kxg3 Qc3 58. Rd8+ Kg7 59. Rd7+ Kg8 60. Qd2 Qxe3+ 61. Qxe3 Nxe3 62. a4 bxa4 63. bxa4 Nf5+ 64. Kf2 Kf8 65. a5 Ke8 66. Rd5 e3+ 67. Ke2 1-0

[Event "Budapest FS02 GM"]
[Site "Budapest"]
[Date "2024.02.10"]
[Round "7"]
[White "Zverev, Lev"]
[Black "Pham, Tran Gia Phuc"]
[Result "1-0"]
[WhiteElo "2343"]
[BlackElo "2416"]
[PlyCount "131"]
[EventDate "2024.02.03"]
[EventType "tourn"]
[EventRounds "9"]
[EventCountry "HUN"]
[EventCategory "7"]
[SourceTitle "CB08_2024"]
[SourceDate "2024.02.21"]
[SourceVersion "1"]
[SourceVersionDate "2024.02.21"]
[SourceQuality "1"]

1. e4 c5 2. Nf3 e6 3. d4 cxd4 4. Nxd4 Nc6 5. Nc3 Qc7 6. Be3 a6 7. Qd2 Nf6 8. f4 Bb4 9. Bd3 b5 10. a3 Be7 11. h3 b4 12. axb4 Nxb4 13. Be2 Bb7 14. Bf3 0-0 15. 0-0 d5 16. exd5 Nfxd5 17. Nxd5 Nxd5 18. Bxd5 Bxd5 19. Ra4 Rfd8 20. Qf2 Qd7 21. Rfa1 Bb7 22. c3 Rab8 23. Ra5 Bf6 24. Nb3 Be7 25. Nc5 Bxc5 26. Rxc5 Rbc8 27. Rca5 Qd3 28. Bd4 Rd5 29. Rxd5 Bxd5 30. Re1 f6 31. Kh2 a5 32. Re3 Qf5 33. Re2 h5 34. Qe3 Kf7 35. Rf2 a4 36. Qe2 Rc4 37. Qe3 Kg8 38. Qd2 Rc8 39. Qe2 Bc4 40. Qf3 Qd5 41. Qg3 Kf7 42. Qe3 Rd8 43. Rd2 Qf5 44. Qg3 Rd7 45. Bxf6 Ke8 46. Rxd7 Kxd7 47. Qxg7+ Kc6 48. Be5 Qe4 49. Qc7+ Kb5 50. Qb8+ Ka6 51. Qc8+ Kb5 52. Qe8+ Qc6 53. Qxh5 Bf1 54. Qg4 Qd5 55. Kg1 Bd3 56. Qg8 Kc4 57. Qb8 Qc5+ 58. Kh2 Be4 59. Qb4+ Qxb4 60. cxb4 Kxb4 61. g4 Kb5 62. Kg3 Kc6 63. h4 Kd7 64. h5 Ke7 65. g5 Kf7 66. g6+ 1-0

[Event "Budapest FS02 GM"]
[Site "Budapest"]
[Date "2024.02.06"]
[Round "4"]
[White "Pham, Tran Gia Phuc"]
[Black "Berczes, David"]
[Result "0-1"]
[WhiteElo "2416"]
[BlackElo "2425"]
[PlyCount "108"]
[EventDate "2024.02.03"]
[EventType "tourn"]
[EventRounds "9"]
[EventCountry "HUN"]
[EventCategory "7"]
[SourceTitle "CB08_2024"]
[SourceDate "2024.02.21"]
[SourceVersion "1"]
[SourceVersionDate "2024.02.21"]
[SourceQuality "1"]

1. e4 e5 2. Nf3 Nc6 3. Nc3 Nf6 4. Bb5 Bd6 5. 0-0 0-0 6. a3 Nd4 7. Bc4 c6 8. d3 Ne6 9. Bxe6 dxe6 10. Bg5 Qc7 11. Bxf6 gxf6 12. Nh4 Kh8 13. Kh1 Bd7 14. g3 Rg8 15. Qf3 Qd8 16. Qe3 c5 17. Ng2 Bc6 18. f3 f5 19. Ne2 Qf6 20. c3 Rad8 21. Rad1 Ba4 22. Rb1 Bf8 23. b3 Bc6 24. Rbd1 b6 25. d4 Bh6 26. dxe5 Qg7 27. Nef4 fxe4 28. Rxd8 Rxd8 29. fxe4 Qxe5 30. Re1 Bg7 31. Qe2 Qxc3 32. Nh5 Rd4 33. Qa6 Rd8 34. Nxg7 Kxg7 35. Qxa7 Bxe4 36. Rf1 Bg6 37. Qxb6 Rd2 38. Qc7 Qb2 39. Qc6 Qc2 40. Qf3 Qe4 41. Kg1 Qd4+ 42. Ne3 Rd3 43. Re1 Rxb3 44. a4 Qxa4 45. Qd1 Qb4 46. Qa1+ Qd4 47. Qxd4+ cxd4 48. Nc4 Rc3 49. Nd2 Rc2 50. Nf3 d3 51. Rd1 Re2 52. Nd4 Rb2 53. Nf3 Be4 54. Rd2 Rc2 0-1

[Event "Wch U14"]
[Site "Montesilvano"]
[Date "2023.11.23"]
[Round "10"]
[White "Ermitsch, Magnus"]
[Black "Pham, Tran Gia Phuc"]
[Result "1-0"]
[WhiteElo "2206"]
[BlackElo "2386"]
[PlyCount "87"]
[EventDate "2023.11.13"]
[EventType "swiss"]
[EventRounds "11"]
[EventCountry "ITA"]
[SourceTitle "CB48_2023"]
[SourceDate "2023.11.29"]
[SourceVersion "1"]
[SourceVersionDate "2023.11.29"]
[SourceQuality "1"]

1. e4 c5 2. Nf3 d6 3. d4 cxd4 4. Nxd4 Nf6 5. Nc3 a6 6. Bd3 Nc6 7. Nxc6 bxc6 8. b3 g6 9. Bb2 Bg7 10. Qd2 0-0 11. 0-0-0 a5 12. Na4 Qc7 13. f4 Qa7 14. Kb1 Rd8 15. Rhf1 Ba6 16. c4 d5 17. exd5 cxd5 18. c5 Ne4 19. Qe3 Bxd3+ 20. Rxd3 Bxb2 21. Kxb2 Rac8 22. Rc1 Rc6 23. Rc2 e6 24. Rd1 Qe7 25. Qd4 Rb8 26. Qe5 Rb4 27. Nb6 Qb7 28. Nxd5 exd5 29. Rxd5 Qc7 30. Qe8+ Kg7 31. Rd8 Kh6 32. g4 f5 33. Rd7 Qxf4 34. h4 fxg4 35. Rf7 Nf6 36. Qxc6 Qe5+ 37. Ka3 Rf4 38. Qd6 Qf5 39. Qf8+ Kh5 40. Qe7 g3 41. Re2 Re4 42. Rxf6 Rxe7 43. Rxf5+ gxf5 44. Rxe7 1-0

[Event "Qatar Masters op"]
[Site "Doha"]
[Date "2023.10.15"]
[Round "5"]
[White "Pham, Tran Gia Phuc"]
[Black "Stearman, Josiah P"]
[Result "1-0"]
[WhiteElo "2384"]
[BlackElo "2476"]
[PlyCount "135"]
[EventDate "2023.10.11"]
[EventType "swiss"]
[EventRounds "9"]
[EventCountry "QAT"]
[SourceTitle "Mega2024 Update 01"]
[Source "Chessbase"]
[SourceDate "2023.11.12"]
[SourceVersion "1"]
[SourceVersionDate "2023.11.12"]
[SourceQuality "1"]

1. d4 Nf6 2. Bf4 d5 3. Nf3 e6 4. e3 c5 5. c3 Nc6 6. Nbd2 cxd4 7. exd4 Nh5 8. Be3 Bd6 9. Ne5 g6 10. Nd3 f5 11. Bh6 Qc7 12. Nf3 Bd7 13. Be2 Rg8 14. Bg5 Nf4 15. Qd2 Nxd3+ 16. Bxd3 Nd8 17. Qe2 Nf7 18. Bf6 Be7 19. Bxe7 Kxe7 20. 0-0 Kf6 21. Rfe1 g5 22. Qd2 b5 23. b3 Rac8 24. Rac1 Qf4 25. Qe2 g4 26. Ne5 Nxe5 27. dxe5+ Ke7 28. g3 Qh6 29. Bxb5 Rgd8 30. Ba6 Rc7 31. Qb2 Bc6 32. Qa3+ Ke8 33. Qa5 Rdd7 34. Qb4 Qg7 35. Bf1 h5 36. Qf4 h4 37. c4 hxg3 38. cxd5 gxh2+ 39. Qxh2 Bxd5 40. Bb5 Kd8 41. Bxd7 Rxd7 42. Qh4+ Re7 43. Rc5 Qh7 44. Rxd5+ exd5 45. Qf6 g3 46. fxg3 Qg7 47. Qd6+ Rd7 48. Qb8+ Ke7 49. e6 Qc3 50. Re2 Rc7 51. Qg8 Qd4+ 52. Kg2 Qg4 53. Qf7+ Kd6 54. Qf8+ Kc6 55. Rc2+ Kb7 56. Rxc7+ Kxc7 57. Qc5+ Kb8 58. Kf2 f4 59. Qd6+ Kc8 60. gxf4 Qh4+ 61. Ke2 Qg4+ 62. Kd2 Qg2+ 63. Kc3 Qxa2 64. Qxd5 Qa1+ 65. Kb4 Qe1+ 66. Kb5 a6+ 67. Kxa6 Qb4 68. Qd7+ 1-0

[Event "Qatar Masters op"]
[Site "Doha"]
[Date "2023.10.14"]
[Round "4"]
[White "Rathanvel, VS."]
[Black "Pham, Tran Gia Phuc"]
[Result "0-1"]
[WhiteElo "2493"]
[BlackElo "2384"]
[PlyCount "68"]
[EventDate "2023.10.11"]
[EventType "swiss"]
[EventRounds "9"]
[EventCountry "QAT"]
[SourceTitle "Mega2024 Update 01"]
[Source "Chessbase"]
[SourceDate "2023.11.12"]
[SourceVersion "1"]
[SourceVersionDate "2023.11.12"]
[SourceQuality "1"]

1. e4 e5 2. Nf3 d6 3. d4 exd4 4. Nxd4 Nf6 5. Nc3 Be7 6. g3 0-0 7. Bg2 Re8 8. 0-0 Bf8 9. h3 Nbd7 10. Re1 c6 11. g4 d5 12. exd5 Rxe1+ 13. Qxe1 Nxd5 14. Nxd5 cxd5 15. b3 Nf6 16. Bb2 Qb6 17. Qf1 h5 18. g5 Ne4 19. h4 Bd7 20. c4 Bc5 21. Qd3 Re8 22. cxd5 Nxf2 23. Kxf2 Bb5 24. Qc3 Re2+ 25. Kf3 Rxb2 26. Qxb2 Bxd4 27. Qc1 Bd7 28. Rb1 Bf5 29. Qe1 Qd6 30. Rc1 Qxd5+ 31. Kg3 Qd6+ 32. Kf3 Bg4+ 33. Ke4 Bb2 34. Qg1 Qe5+ 0-1

[Event "Budapest FS08 IM"]
[Site "Budapest"]
[Date "2023.08.12"]
[Round "7"]
[White "Pham, Tran Gia Phuc"]
[Black "Varga, Zoltan"]
[Result "1-0"]
[WhiteElo "2314"]
[BlackElo "2363"]
[PlyCount "109"]
[EventDate "2023.08.05"]
[EventType "tourn"]
[EventRounds "9"]
[EventCountry "HUN"]
[EventCategory "2"]
[SourceTitle "CBM 215 Extra"]
[Source "ChessBase"]
[SourceDate "2023.09.30"]
[SourceVersion "1"]
[SourceVersionDate "2023.09.30"]
[SourceQuality "1"]

1. d4 g6 2. c4 Bg7 3. Nc3 c5 4. d5 Bxc3+ 5. bxc3 f5 6. Nf3 Qa5 7. Qc2 Nf6 8. Bh6 d6 9. e3 Nbd7 10. Bd3 Nb6 11. Nd2 Qa4 12. Qb3 Rg8 13. Bg5 Ng4 14. h3 Ne5 15. Be2 Nf7 16. Bf4 e5 17. Bh2 Bd7 18. f3 0-0-0 19. 0-0 g5 20. Bd1 Kc7 21. Bc2 h5 22. Qb1 Qa5 23. Bxf5 Qxc3 24. Qd3 Qxd3 25. Bxd3 Nh6 26. g4 Rdf8 27. Kg2 Be8 28. Bg3 Bg6 29. Bxg6 Rxg6 30. a4 a5 31. Rfb1 Nd7 32. Ne4 b6 33. Rb2 Nf7 34. Rab1 Ra8 35. Rh1 Rh6 36. Rbb1 Rah8 37. Rbf1 Nf6 38. Nxf6 Rxf6 39. h4 gxh4 40. Rxh4 hxg4 41. Rxg4 Rh7 42. f4 exf4 43. Rgxf4 Rxf4 44. exf4 Rh8 45. Kf3 Rf8 46. f5 Nh6 47. Ke4 Re8+ 48. Kd3 Rg8 49. Be1 Nf7 50. f6 Ne5+ 51. Ke4 Kd7 52. Bc3 Nf7 53. Bd2 Ke8 54. Bf4 Rg2 55. Kf5 1-0

[Event "Budapest FS08 IM"]
[Site "Budapest"]
[Date "2023.08.08"]
[Round "4"]
[White "Sihite, Chelsie Monica"]
[Black "Pham, Tran Gia Phuc"]
[Result "0-1"]
[WhiteElo "2251"]
[BlackElo "2314"]
[PlyCount "96"]
[EventDate "2023.08.05"]
[EventType "tourn"]
[EventRounds "9"]
[EventCountry "HUN"]
[EventCategory "2"]
[SourceTitle "CBM 215 Extra"]
[Source "ChessBase"]
[SourceDate "2023.09.30"]
[SourceVersion "1"]
[SourceVersionDate "2023.09.30"]
[SourceQuality "1"]

1. e4 c5 2. Nf3 Nc6 3. Bb5 e5 4. 0-0 Bd6 5. c3 a6 6. Ba4 b5 7. Bc2 Nge7 8. d4 cxd4 9. cxd4 Nxd4 10. Nxd4 exd4 11. f4 Nc6 12. e5 Bc5 13. Kh1 Bb7 14. Nd2 Qb6 15. Ne4 Nb4 16. Bb1 d3 17. Nxc5 Qxc5 18. Bd2 Nc2 19. Bxc2 dxc2 20. Qg4 0-0-0 21. Rac1 Be4 22. a4 f5 23. Qe2 Kb7 24. Be3 Qc4 25. Qd2 Qd3 26. Qe1 Rc8 27. Rf2 d5 28. exd6 Qxd6 29. Rd2 Qc6 30. Bg1 Rcd8 31. Re2 Rhe8 32. Rxe4 fxe4 33. Qe2 Rc8 34. Qe3 Rc7 35. axb5 axb5 36. h3 Rd8 37. Qe1 Kc8 38. Kh2 Rd3 39. Be3 Kd7 40. Qg3 Ke8 41. f5 Kf7 42. Qg5 Rc8 43. Bf4 Qf6 44. Qh5+ Kg8 45. Re1 g6 46. Qh6 Qxf5 47. g4 Qf8 48. Qg5 Rc5 0-1